{"text_format":"3","workbook":"xlsx","n_sheets":1,"sheets":["t35"],"read":"whole","date_system":"1900"}

{"sheet":"t35","index":0,"n_rows":209,"n_cols":7,"rows_kept":209,"merged":[[0,0,0,6],[28,0,28,5],[44,0,44,5],[165,0,165,5]]}
["TABELA 35.1 - Estatísticas Agrícolas, Município de Arandu, Estado de São Paulo, 2016/17."]
["ITEM","UNIDADE","N.DE UPAs","MÍNIMO","MÉDIO","MÁXIMO","TOTAL"]
["Distância à sede do município","km",363,{"v":1,"d":"1.0"},{"v":6.83,"d":"6.8"},{"v":22,"d":"22.0"},"-"]
["Área total","hectare",363,0.2,{"v":61.69,"d":"61.7"},{"v":2323.2,"d":"2,323.2"},{"v":22392.4,"d":"22,392.4"}]
["Área com cultura perene","hectare",65,0.6,{"v":54.35,"d":"54.4"},{"v":1481.7,"d":"1,481.7"},{"v":3532.7,"d":"3,532.7"}]
["Área com cultura temporária","hectare",143,0.1,{"v":51.65,"d":"51.7"},{"v":550,"d":"550.0"},{"v":7385.7,"d":"7,385.7"}]
["Área com pastagem","hectare",280,0.1,{"v":25.93,"d":"25.9"},644.8,{"v":7261.7,"d":"7,261.7"}]
["Área com reflorestamento","hectare",47,0.1,{"v":22.16,"d":"22.2"},285.4,{"v":1041.7,"d":"1,041.7"}]
["Área com vegetação natural","hectare",221,0.1,{"v":9.81,"d":"9.8"},{"v":550,"d":"550.0"},{"v":2167.6,"d":"2,167.6"}]
["Área com vegetação de brejo e várzea","hectare",31,0.1,{"v":4.84,"d":"4.8"},{"v":83,"d":"83.0"},150.1]
["Área em descanso","hectare",6,0.1,{"v":2.68,"d":"2.7"},7.4,16.1]
["Área complementar","hectare",311,0.1,{"v":2.69,"d":"2.7"},{"v":90,"d":"90.0"},836.8]
["Área das UPAs com (0, 1] ha","hectare",3,0.2,{"v":0.53,"d":"0.5"},0.8,1.6]
["Área das UPAs com (1, 2] ha","hectare",5,1.2,{"v":1.66,"d":"1.7"},{"v":2,"d":"2.0"},8.3]
["Área das UPAs com (2, 5] ha","hectare",72,2.1,{"v":3.53,"d":"3.5"},{"v":5,"d":"5.0"},254.3]
["Área das UPAs com (5, 10] ha","hectare",57,5.1,{"v":7.85,"d":"7.9"},9.9,447.6]
["Área das UPAs com (10, 20] ha","hectare",83,10.1,14.4,19.9,{"v":1195,"d":"1,195.0"}]
["Área das UPAs com (20, 50] ha","hectare",63,20.3,{"v":31.18,"d":"31.2"},48.6,{"v":1964.2,"d":"1,964.2"}]
["Área das UPAs com (50, 100] ha","hectare",32,50.3,{"v":70.31,"d":"70.3"},{"v":97,"d":"97.0"},{"v":2249.9,"d":"2,249.9"}]
["Área das UPAs com (100, 200] ha","hectare",24,106.6,{"v":140.55,"d":"140.6"},193.6,{"v":3373.1,"d":"3,373.1"}]
["Área das UPAs com (200, 500] ha","hectare",16,217.8,{"v":289.72,"d":"289.7"},420.5,{"v":4635.5,"d":"4,635.5"}]
["Área das UPAs com (500, 1.000] ha","hectare",5,510.6,{"v":785.52,"d":"785.5"},991.3,{"v":3927.6,"d":"3,927.6"}]
["Área das UPAs com (1.000, 2.000] ha","hectare",2,{"v":1003.7,"d":"1,003.7"},{"v":1006.05,"d":"1,006.1"},{"v":1008.4,"d":"1,008.4"},{"v":2012.1,"d":"2,012.1"}]
["Área das UPAs com (2.000, 5.000] ha","hectare",1,{"v":2323.2,"d":"2,323.2"},{"v":2323.2,"d":"2,323.2"},{"v":2323.2,"d":"2,323.2"},{"v":2323.2,"d":"2,323.2"}]
["Área das UPAs com (5.000, 10.000] ha","hectare","-","-","-","-","-"]
["Área das UPAs acima de 10.000 ha","hectare","-","-","-","-","-"]
["Fonte: Secretaria de Agricultura e Abastecimento, CDRS/IEA, Projeto LUPA."]
[]
["TABELA 35.2 - Explorações Animais, Município de Arandu, Estado de São Paulo, 2016/17."]
["ITEM","UNIDADE","N.DE UPAs","MÍNIMO","MÉDIO","MÁXIMO","TOTAL"]
["Asininos e muares","cabecas",25,{"v":1,"d":"1.0"},{"v":1.92,"d":"1.9"},{"v":8,"d":"8.0"},{"v":48,"d":"48.0"}]
["Avicultura de corte","cabecas/ano",2,{"v":20,"d":"20.0"},{"v":20,"d":"20.0"},{"v":20,"d":"20.0"},{"v":40,"d":"40.0"}]
["Avicultura ornamental/decorativa/exotica","cabecas",1,{"v":15,"d":"15.0"},{"v":15,"d":"15.0"},{"v":15,"d":"15.0"},{"v":15,"d":"15.0"}]
["Avicultura para ovos","cabecas",2,{"v":20,"d":"20.0"},{"v":50,"d":"50.0"},{"v":80,"d":"80.0"},{"v":100,"d":"100.0"}]
["Bovinocultura de corte","cabecas",63,{"v":3,"d":"3.0"},{"v":100.25,"d":"100.3"},{"v":1300,"d":"1,300.0"},{"v":6316,"d":"6,316.0"}]
["Bovinocultura leiteira","cabecas",41,{"v":1,"d":"1.0"},{"v":46.83,"d":"46.8"},{"v":328,"d":"328.0"},{"v":1920,"d":"1,920.0"}]
["Bovinocultura mista","cabecas",88,{"v":1,"d":"1.0"},{"v":23.01,"d":"23.0"},{"v":200,"d":"200.0"},{"v":2025,"d":"2,025.0"}]
["Caprinocultura","cabecas",4,{"v":1,"d":"1.0"},{"v":8,"d":"8.0"},{"v":22,"d":"22.0"},{"v":32,"d":"32.0"}]
["Equinocultura","cabecas",152,{"v":1,"d":"1.0"},{"v":6.83,"d":"6.8"},{"v":200,"d":"200.0"},{"v":1038,"d":"1,038.0"}]
["Ovinocultura","cabecas",9,{"v":10,"d":"10.0"},{"v":19.78,"d":"19.8"},{"v":40,"d":"40.0"},{"v":178,"d":"178.0"}]
["Piscicultura","m2 tanques",1,{"v":18,"d":"18.0"},{"v":18,"d":"18.0"},{"v":18,"d":"18.0"},{"v":18,"d":"18.0"}]
["Suinocultura","cabecas",19,{"v":1,"d":"1.0"},{"v":11.26,"d":"11.3"},{"v":40,"d":"40.0"},{"v":214,"d":"214.0"}]
["Fonte: Secretaria de Agricultura e Abastecimento, CDRS/IEA, Projeto LUPA."]
[]
["TABELA 35.3 -  Máquinas, Implementos e Benfeitorias, Município de Arandu, Estado de São Paulo, 2016/17."]
["ITEM","UNIDADE","N.DE UPAs","MÍNIMO","MÉDIO","MÁXIMO","TOTAL"]
["Arado comum (bacia, aiveca)","unidade",88,{"v":1,"d":"1.0"},{"v":1.06,"d":"1.1"},{"v":2,"d":"2.0"},{"v":93,"d":"93.0"}]
["Arado escarificador","unidade",6,{"v":1,"d":"1.0"},{"v":1,"d":"1.0"},{"v":1,"d":"1.0"},{"v":6,"d":"6.0"}]
["Arado subsolador","unidade",34,{"v":1,"d":"1.0"},{"v":1.09,"d":"1.1"},{"v":3,"d":"3.0"},{"v":37,"d":"37.0"}]
["Batedeira de cereais","unidade",6,{"v":1,"d":"1.0"},{"v":1,"d":"1.0"},{"v":1,"d":"1.0"},{"v":6,"d":"6.0"}]
["Camara fria","unidade",3,{"v":1,"d":"1.0"},{"v":2.67,"d":"2.7"},{"v":6,"d":"6.0"},{"v":8,"d":"8.0"}]
["Carreta de trator","unidade",106,{"v":1,"d":"1.0"},{"v":1.64,"d":"1.6"},{"v":10,"d":"10.0"},{"v":174,"d":"174.0"}]
["Colhedeira acoplada","unidade",5,{"v":1,"d":"1.0"},{"v":1,"d":"1.0"},{"v":1,"d":"1.0"},{"v":5,"d":"5.0"}]
["Colhedeira automotriz","unidade",8,{"v":1,"d":"1.0"},{"v":1.13,"d":"1.1"},{"v":2,"d":"2.0"},{"v":9,"d":"9.0"}]
["Computador","unidade",24,{"v":1,"d":"1.0"},{"v":2.25,"d":"2.3"},{"v":8,"d":"8.0"},{"v":54,"d":"54.0"}]
["Conj.irrigacao autopropelido","unidade",3,{"v":1,"d":"1.0"},{"v":1,"d":"1.0"},{"v":1,"d":"1.0"},{"v":3,"d":"3.0"}]
["Conj.irrigacao convencional","unidade",1,{"v":1,"d":"1.0"},{"v":1,"d":"1.0"},{"v":1,"d":"1.0"},{"v":1,"d":"1.0"}]
["Conj.irrigacao pivot central","unidade",1,{"v":1,"d":"1.0"},{"v":1,"d":"1.0"},{"v":1,"d":"1.0"},{"v":1,"d":"1.0"}]
["Conj.irrigacao/gotejamento/microaspersao","unidade",3,{"v":1,"d":"1.0"},{"v":1,"d":"1.0"},{"v":1,"d":"1.0"},{"v":3,"d":"3.0"}]
["Conjunto de fenacao","unidade",9,{"v":1,"d":"1.0"},{"v":1.33,"d":"1.3"},{"v":3,"d":"3.0"},{"v":12,"d":"12.0"}]
["Desintegrador de palha (plantio direto)","unidade",2,{"v":1,"d":"1.0"},{"v":1,"d":"1.0"},{"v":1,"d":"1.0"},{"v":2,"d":"2.0"}]
["Desintegrador, picador, triturador","unidade",90,{"v":1,"d":"1.0"},{"v":1.23,"d":"1.2"},{"v":5,"d":"5.0"},{"v":111,"d":"111.0"}]
["Distribuidor de calcario","unidade",40,{"v":1,"d":"1.0"},{"v":1.15,"d":"1.2"},{"v":3,"d":"3.0"},{"v":46,"d":"46.0"}]
["Embarcação","unidade",2,{"v":1,"d":"1.0"},{"v":1,"d":"1.0"},{"v":1,"d":"1.0"},{"v":2,"d":"2.0"}]
["Ensiladeira","unidade",30,{"v":1,"d":"1.0"},1.1,{"v":3,"d":"3.0"},{"v":33,"d":"33.0"}]
["Grade aradora (tipo romi)","unidade",49,{"v":1,"d":"1.0"},{"v":1.16,"d":"1.2"},{"v":3,"d":"3.0"},{"v":57,"d":"57.0"}]
["Grade niveladora","unidade",96,{"v":1,"d":"1.0"},{"v":1.09,"d":"1.1"},{"v":3,"d":"3.0"},{"v":105,"d":"105.0"}]
["Implementos para tracao animal","unidade",10,{"v":1,"d":"1.0"},1.8,{"v":8,"d":"8.0"},{"v":18,"d":"18.0"}]
["Máquina de classificar frutas","unidade",3,{"v":1,"d":"1.0"},{"v":1,"d":"1.0"},{"v":1,"d":"1.0"},{"v":3,"d":"3.0"}]
["Maquina de classificar ovo","unidade",1,{"v":1,"d":"1.0"},{"v":1,"d":"1.0"},{"v":1,"d":"1.0"},{"v":1,"d":"1.0"}]
["Misturador de racao","unidade",8,{"v":1,"d":"1.0"},{"v":1,"d":"1.0"},{"v":1,"d":"1.0"},{"v":8,"d":"8.0"}]
["Mmicrotrator","unidade",16,{"v":1,"d":"1.0"},{"v":1.31,"d":"1.3"},{"v":3,"d":"3.0"},{"v":21,"d":"21.0"}]
["Ordenhadeira mecanica","unidade",13,{"v":1,"d":"1.0"},{"v":1.08,"d":"1.1"},{"v":2,"d":"2.0"},{"v":14,"d":"14.0"}]
["Pulverizador tratorizado","unidade",52,{"v":1,"d":"1.0"},{"v":1.58,"d":"1.6"},{"v":6,"d":"6.0"},{"v":82,"d":"82.0"}]
["Resfriador de leite, tanque expansao","unidade",15,{"v":1,"d":"1.0"},1.2,{"v":4,"d":"4.0"},{"v":18,"d":"18.0"}]
["Retroescavadeira","unidade",2,{"v":1,"d":"1.0"},{"v":1,"d":"1.0"},{"v":1,"d":"1.0"},{"v":2,"d":"2.0"}]
["Roçadeira costal","unidade",1,{"v":3,"d":"3.0"},{"v":3,"d":"3.0"},{"v":3,"d":"3.0"},{"v":3,"d":"3.0"}]
["Roçadeira tratorizada","unidade",3,{"v":1,"d":"1.0"},{"v":1,"d":"1.0"},{"v":1,"d":"1.0"},{"v":3,"d":"3.0"}]
["Roçadora","unidade",58,{"v":1,"d":"1.0"},{"v":1.24,"d":"1.2"},{"v":3,"d":"3.0"},{"v":72,"d":"72.0"}]
["Semeadeira/adubadeira para plantio convencional","unidade",15,{"v":1,"d":"1.0"},{"v":1,"d":"1.0"},{"v":1,"d":"1.0"},{"v":15,"d":"15.0"}]
["Semeadeira/plantadeira plantio direto","unidade",13,{"v":1,"d":"1.0"},{"v":1.62,"d":"1.6"},{"v":5,"d":"5.0"},{"v":21,"d":"21.0"}]
["Tanque rede","m3",2,{"v":70,"d":"70.0"},{"v":521,"d":"521.0"},{"v":972,"d":"972.0"},{"v":1042,"d":"1,042.0"}]
["Tecnologias de gps para controle de máquinas","unidade",4,{"v":1,"d":"1.0"},{"v":2,"d":"2.0"},{"v":3,"d":"3.0"},{"v":8,"d":"8.0"}]
["Terraceador","unidade",8,{"v":1,"d":"1.0"},{"v":1,"d":"1.0"},{"v":1,"d":"1.0"},{"v":8,"d":"8.0"}]
["Trator de pneus ","unidade",1,{"v":1,"d":"1.0"},{"v":1,"d":"1.0"},{"v":1,"d":"1.0"},{"v":1,"d":"1.0"}]
["Trator de pneus  acima de 85 cv","unidade",23,{"v":1,"d":"1.0"},{"v":2.17,"d":"2.2"},{"v":7,"d":"7.0"},{"v":50,"d":"50.0"}]
["Trator de pneus até 65 cv","unidade",101,{"v":1,"d":"1.0"},{"v":1.31,"d":"1.3"},{"v":7,"d":"7.0"},{"v":132,"d":"132.0"}]
["Trator de pneus de 66 cv a 85 cv","unidade",59,{"v":1,"d":"1.0"},{"v":1.54,"d":"1.5"},{"v":8,"d":"8.0"},{"v":91,"d":"91.0"}]
["Acude/represa","unidade",161,{"v":1,"d":"1.0"},{"v":1.47,"d":"1.5"},{"v":11,"d":"11.0"},{"v":236,"d":"236.0"}]
["Almoxarifado/oficina","unidade",40,{"v":1,"d":"1.0"},{"v":1.13,"d":"1.1"},{"v":2,"d":"2.0"},{"v":45,"d":"45.0"}]
["Armazem para graos ensacados","sacas",13]
["Balanca para bovinos","unidade",25,{"v":1,"d":"1.0"},{"v":1.08,"d":"1.1"},{"v":2,"d":"2.0"},{"v":27,"d":"27.0"}]
["Barracao para granja/avicultura","unidade",2,{"v":1,"d":"1.0"},{"v":1,"d":"1.0"},{"v":1,"d":"1.0"},{"v":2,"d":"2.0"}]
["Barracao/galpao/garagem","unidade",152,{"v":1,"d":"1.0"},{"v":1.29,"d":"1.3"},{"v":6,"d":"6.0"},{"v":196,"d":"196.0"}]
["Casa de moradia habitada","unidade",247,{"v":1,"d":"1.0"},{"v":2.09,"d":"2.1"},{"v":26,"d":"26.0"},{"v":516,"d":"516.0"}]
["Casa de moradia total","unidade",271,{"v":1,"d":"1.0"},{"v":2.68,"d":"2.7"},{"v":29,"d":"29.0"},{"v":727,"d":"727.0"}]
["Curral/mangueira","unidade",138,{"v":1,"d":"1.0"},1.1,{"v":3,"d":"3.0"},{"v":152,"d":"152.0"}]
["Deposito/tulha","unidade",123,{"v":1,"d":"1.0"},{"v":1.26,"d":"1.3"},{"v":12,"d":"12.0"},{"v":155,"d":"155.0"}]
["Engenho","unidade",1,{"v":1,"d":"1.0"},{"v":1,"d":"1.0"},{"v":1,"d":"1.0"},{"v":1,"d":"1.0"}]
["Estabulo","unidade",47,{"v":1,"d":"1.0"},{"v":1.04,"d":"1.0"},{"v":3,"d":"3.0"},{"v":49,"d":"49.0"}]
["Estacao/posto meteorologico","unidade",2,{"v":1,"d":"1.0"},1.5,{"v":2,"d":"2.0"},{"v":3,"d":"3.0"}]
["Estufa/plasticultura","m2",4]
["Fabrica de racao","unidade",1,{"v":1,"d":"1.0"},{"v":1,"d":"1.0"},{"v":1,"d":"1.0"},{"v":1,"d":"1.0"}]
["Instalacoes para equinos","unidade",22,{"v":1,"d":"1.0"},{"v":15.36,"d":"15.4"},{"v":50,"d":"50.0"},{"v":338,"d":"338.0"}]
["Maquina de beneficio","unidade",5,{"v":1,"d":"1.0"},{"v":1,"d":"1.0"},{"v":1,"d":"1.0"},{"v":5,"d":"5.0"}]
["Packing house","unidade",3,{"v":1,"d":"1.0"},{"v":1,"d":"1.0"},{"v":1,"d":"1.0"},{"v":3,"d":"3.0"}]
["Pocilga","unidade",4,{"v":1,"d":"1.0"},{"v":2.75,"d":"2.8"},{"v":8,"d":"8.0"},{"v":11,"d":"11.0"}]
["Poco semi-artesiano","unidade",75,{"v":1,"d":"1.0"},{"v":1.15,"d":"1.2"},{"v":3,"d":"3.0"},{"v":86,"d":"86.0"}]
["Secador de graos","unidade",9,{"v":1,"d":"1.0"},{"v":2.11,"d":"2.1"},{"v":5,"d":"5.0"},{"v":19,"d":"19.0"}]
["Silo para silagem","ton",12]
["Terreiro","m2",77]
["Fonte: Secretaria de Agricultura e Abastecimento, CDRS/IEA, Projeto LUPA."]
[]
["TABELA 35.4 - Outras Estatísticas Agrícolas, Município de Arandu, Estado de São Paulo, 2016/17."]
["ITEM","Número de UPAs",null,"Percentual"]
["Faz Parte de Associação de Produtores",103,null,{"v":28.37465564738292,"d":"28.4"}]
["Faz Parte de Cooperativa de Produtores",65,null,{"v":17.90633608815427,"d":"17.9"}]
["Faz Parte do Sindicato de Produtores",115,null,{"v":31.68044077134986,"d":"31.7"}]
["Não utiliza assistência técnica ",14,null,{"v":3.8567493112947657,"d":"3.9"}]
["Utiliza somente assistência técnica governamental ",248,null,{"v":68.31955922865014,"d":"68.3"}]
["Utiliza somente assistência técnica privada ",1,null,{"v":0.27548209366391185,"d":"0.3"}]
["Utiliza assistência técnica tanto governamental quanto privada",100,null,{"v":27.548209366391184,"d":"27.5"}]
["Utiliza Crédito Rural",112,null,{"v":30.853994490358126,"d":"30.9"}]
["Utiliza Seguro Rural",97,null,{"v":26.72176308539945,"d":"26.7"}]
["Utiliza Escrituração Agrícola",235,null,{"v":64.73829201101928,"d":"64.7"}]
["Acessa Internet p/ Fins na Agropecuária",202,null,{"v":55.64738292011019,"d":"55.6"}]
["Utiliza Computador nas Atividades Agropecuárias",198,null,{"v":54.54545454545454,"d":"54.5"}]
["Utiliza Energia Elétrica Para Uso na Atividade Agrícola",309,null,{"v":85.12396694214875,"d":"85.1"}]
["Utiliza Energia Alternativa",31,null,{"v":8.539944903581267,"d":"8.5"}]
["Realiza Análise de Solo, quando necessário",299,null,{"v":82.36914600550963,"d":"82.4"}]
["Realiza Calagem",277,null,{"v":76.30853994490359,"d":"76.3"}]
["Utiliza Práticas de Conservação de Solo, quando necessário",320,null,{"v":88.15426997245179,"d":"88.2"}]
["Faz Adubação Mineral, quando necessário",285,null,{"v":78.51239669421487,"d":"78.5"}]
["Faz Adubação Orgânica, quando necessário",214,null,{"v":58.95316804407713,"d":"59.0"}]
["Faz Adubação Verde, quando necessário",81,null,{"v":22.314049586776857,"d":"22.3"}]
["Utiliza Manejo Integrado de Pragas (MIP)",88,null,{"v":24.242424242424246,"d":"24.2"}]
["Utiliza Hidroponia",2,null,{"v":0.5509641873278237,"d":"0.6"}]
["Utiliza Cultivo em Estufa",7,null,{"v":1.928374655647383,"d":"1.9"}]
["Utiliza Mudas Fiscalizadas",202,null,{"v":55.64738292011019,"d":"55.6"}]
["Utiliza Semente Melhorada",233,null,{"v":64.18732782369146,"d":"64.2"}]
["Faz Confinamento de Bovinos",11,null,{"v":3.0303030303030303,"d":"3.0"}]
["Utiliza Pastejo Intensivo",184,null,{"v":50.68870523415978,"d":"50.7"}]
["Faz Inseminação Artificial",31,null,{"v":8.539944903581267,"d":"8.5"}]
["Faz Mineralização do Rebanho",186,null,{"v":51.2396694214876,"d":"51.2"}]
["Faz Vermifugação do Rebanho",186,null,{"v":51.2396694214876,"d":"51.2"}]
["Possui Parceiros /Arrendatários na Exploração Animal",45,null,{"v":12.396694214876032,"d":"12.4"}]
["Existência de trabalhadores c/ deficiência na UPA",4,null,{"v":1.1019283746556474,"d":"1.1"}]
["Esporte e lazer",12,null,{"v":3.3057851239669422,"d":"3.3"}]
["Extração mineral","-",null,"-"]
["Hotel Fazenda, Pousada ou SPA",1,null,{"v":0.27548209366391185,"d":"0.3"}]
["Pesque-pague",1,null,{"v":0.27548209366391185,"d":"0.3"}]
["Restaurante ou Lanchonete",1,null,{"v":0.27548209366391185,"d":"0.3"}]
["Transformação artesanal","-",null,"-"]
["Turismo rural ou ecoturismo",1,null,{"v":0.27548209366391185,"d":"0.3"}]
["Outras atividades econômicas rurais",1,null,{"v":0.27548209366391185,"d":"0.3"}]
["Agroindústria","-",null,"-"]
["Proprietário sem instrução ou com instrução incompleta",14,null,{"v":3.856749311294766,"d":"3.9"}]
["Proprietário com antigo primário completo",66,null,{"v":18.181818181818183,"d":"18.2"}]
["Proprietário com 1° grau (ou antigo ginasial) completo",65,null,{"v":17.90633608815427,"d":"17.9"}]
["Proprietário com 2° grau (ou antigo colegial) completo",54,null,{"v":14.876033057851238,"d":"14.9"}]
["Proprietário com curso superior completo ",161,null,{"v":44.35261707988981,"d":"44.4"}]
["Pessoa Jurídica",3,null,{"v":0.8264462809917356,"d":"0.8"}]
["Proprietário residente na própria UPA ",82,null,{"v":22.589531680440768,"d":"22.6"}]
["Fonte: Secretaria de Agricultura e Abastecimento, CDRS/IEA, Projeto LUPA."]
[]
["TABELA 35.5 - Área Cultivada, Município de Arandu, Estado de São Paulo, 2016/17."]
["CULTURA","N.DE UPAs","MÍNIMO","MÉDIO","MÁXIMO","TOTAL"]
["Braquiaria",264,0.1,{"v":23.99,"d":"24.0"},644.8,{"v":6332.4,"d":"6,332.4"}]
["Soja",61,3.3,{"v":75.58,"d":"75.6"},{"v":550,"d":"550.0"},{"v":4610.4,"d":"4,610.4"}]
["Milho 2 safra",38,3.1,{"v":62.66,"d":"62.7"},428.4,{"v":2381.2,"d":"2,381.2"}]
["Laranja Industria",6,55.6,{"v":344.63,"d":"344.6"},{"v":1277,"d":"1,277.0"},{"v":2067.8,"d":"2,067.8"}]
["Cana-de-acucar finalidade industria",15,{"v":20,"d":"20.0"},{"v":104.55,"d":"104.6"},354.8,{"v":1568.2,"d":"1,568.2"}]
["Milho safra",32,0.2,{"v":40.79,"d":"40.8"},{"v":550,"d":"550.0"},{"v":1305.4,"d":"1,305.4"}]
["Cafe",39,0.1,{"v":28.29,"d":"28.3"},{"v":316,"d":"316.0"},{"v":1103.2,"d":"1,103.2"}]
["Eucalipto",46,0.1,{"v":22.63,"d":"22.6"},285.4,{"v":1041.2,"d":"1,041.2"}]
["Gramas",15,1.1,{"v":47.47,"d":"47.5"},{"v":242,"d":"242.0"},{"v":712,"d":"712.0"}]
["Trigo",3,57.2,{"v":223.07,"d":"223.1"},{"v":550,"d":"550.0"},669.2]
["Banana",26,0.5,{"v":10.32,"d":"10.3"},{"v":70,"d":"70.0"},268.2]
["Milho-silagem",8,1.9,29.1,151.3,232.8]
["Coloniao",11,0.9,{"v":19.16,"d":"19.2"},{"v":50,"d":"50.0"},210.8]
["Aveia",2,35.1,{"v":104.55,"d":"104.6"},{"v":174,"d":"174.0"},209.1]
["Macadamia (ou noz-macadamia)",2,{"v":17,"d":"17.0"},{"v":31,"d":"31.0"},{"v":45,"d":"45.0"},{"v":62,"d":"62.0"}]
["Mandioca",4,4.1,{"v":11,"d":"11.0"},24.2,{"v":44,"d":"44.0"}]
["Cana-de-acucar outras finalidades",16,0.1,{"v":1.59,"d":"1.6"},{"v":4,"d":"4.0"},25.4]
["Abacate",2,0.5,{"v":12.25,"d":"12.3"},{"v":24,"d":"24.0"},24.5]
["Viveiro de flores e ornamentais",2,1.5,{"v":10.75,"d":"10.8"},{"v":20,"d":"20.0"},21.5]
["Outras olericolas",5,1.7,3.7,7.3,18.5]
["Cebola",1,11.8,11.8,11.8,11.8]
["Sorgo",1,9.6,9.6,9.6,9.6]
["Capim-napier (ou capim-elefante)",8,0.2,{"v":0.81,"d":"0.8"},{"v":2,"d":"2.0"},6.5]
["Uva para Indústria",1,{"v":2,"d":"2.0"},{"v":2,"d":"2.0"},{"v":2,"d":"2.0"},{"v":2,"d":"2.0"}]
["Pomar domestico",1,{"v":2,"d":"2.0"},{"v":2,"d":"2.0"},{"v":2,"d":"2.0"},{"v":2,"d":"2.0"}]
["Limao",1,1.8,1.8,1.8,1.8]
["Alface",2,0.5,{"v":0.75,"d":"0.8"},{"v":1,"d":"1.0"},1.5]
["Pimenta",2,0.4,0.7,{"v":1,"d":"1.0"},1.4]
["Tomate envarado",2,0.3,{"v":0.65,"d":"0.7"},{"v":1,"d":"1.0"},1.3]
["Alho",1,1.3,1.3,1.3,1.3]
["Maracuja",1,{"v":1,"d":"1.0"},{"v":1,"d":"1.0"},{"v":1,"d":"1.0"},{"v":1,"d":"1.0"}]
["Pimentao",5,0.1,0.2,0.5,{"v":1,"d":"1.0"}]
["Coco-da-baia",1,0.7,0.7,0.7,0.7]
["Caqui",1,0.5,0.5,0.5,0.5]
["Feijao",1,0.5,0.5,0.5,0.5]
["Teca",1,0.5,0.5,0.5,0.5]
["Cenoura",1,0.5,0.5,0.5,0.5]
["Cebolinha",1,0.5,0.5,0.5,0.5]
["Couve-flor",1,0.1,0.1,0.1,0.1]
["Couve (ou couve-crespa)",1,0.1,0.1,0.1,0.1]
["Quiabo",1,0.1,0.1,0.1,0.1]
["Fonte: Secretaria de Agricultura e Abastecimento, CDRS/IEA, Projeto LUPA."]